[Event "Poikovsky Karpov 04th"]
[Site "Poikovsky"]
[Date "2003.04.26"]
[Round "6"]
[White "Bologan, Viktor"]
[Black "Svidler, Peter"]
[Result "1/2-1/2"]
[WhiteElo "2663"]
[BlackElo "2713"]
[Annotator "Bologan,V"]
[PlyCount "103"]
[EventDate "2003.04.20"]
[EventType "tourn"]
[EventRounds "9"]
[EventCountry "RUS"]
[EventCategory "16"]
[SourceTitle "CBM 095"]
[Source "ChessBase"]
[SourceDate "2003.07.25"]
[SourceVersion "1"]
[SourceVersionDate "2003.07.25"]
[SourceQuality "1"]

1. e4 c5 2. Nf3 e6 3. d3 {In his latest games Peter started to play and not
without success the Paulsen variation. Especialy it helped him in the last
Aeroflot Open. So I decided to go for an unusual for him type of position in
which he didn't show up any skills (see the notes to the 4-th move).} Nc6 4. c3
{This continuation was worked out by my coach Vyacheslav Chebanenco. The idea
is to prevent the developement of the bishop on g7. Still nowdays is clear
that black can achieve it by pushing his knight first either to e7 or to f6.} (
4. g3 g6 5. Bg2 Bg7 6. O-O d5 7. Qe2 Nf6 8. Bg5 h6 9. exd5 Qxd5 10. Nc3 Qd8 11.
Be3 Nd7 12. Qd2 a6 13. Ne4 Qe7 14. d4 cxd4 15. Nxd4 Nce5 16. Qe2 f5 17. Nc3 $16
{Vescovi Giovanni(2611) - Svidler Peter(2690), Bermuda 2003 It (cat.15)}) 4...
Nf6 5. g3 g6 (5... d5 6. Qe2 g6 7. Bg2 Bg7 8. O-O O-O 9. e5 Nd7 10. d4 cxd4 11.
cxd4 $14) 6. Bg2 Bg7 7. O-O O-O 8. a3 $6 {The idea is right but first I should
play} (8. Re1 d5 9. e5 Nd7 10. Bf4) 8... d6 {Now would make sence to get use
of premature 8.a3} (8... d5 $5) 9. Re1 e5 {That was the plan which I first saw
in Tregubov's game. The idea of settling the knight on f6 and not to e7 is to
have the opportunity to play Ng4 some time and also after d5 the e4 pawn is
under pressure.} (9... h6 10. b4 Rb8 11. b5 (11. Nbd2 $6 Ng4 12. Qb3 b5 13. Bb2
Qb6 14. bxc5 dxc5 15. Qc2 Bb7 16. Rad1 Rfd8 17. h3 Nge5 18. Bf1 Rd7 $17 {
Popovic Dragan B (YUG) 2324 - Vasovski Nikola (MKD) 2322, Belgrade (Yugoslavia)
2001}) 11... Na5 12. Ra2 $16) 10. b4 a6 11. h3 $1 {This simple prophilactical
move escaped from Vescovi's attention in our previous Poikovsvky game. He
suffered a lot but at the end he managed to draw it.} (11. Bb2 Re8 12. Nbd2 h6
13. d4 $6 exd4 14. cxd4 Nh7 15. Nc4 Bg4 $15 {Vescovi Giovanni (BRA) 2611 -
Bologan Viktor (MDA) 2631, Poikovskii (Russia) 2002}) 11... b5 {The next few
moves are proving that Peter doesn't realy know what he wants. Still is not so
easy to find the easy way to equality for black -} (11... h6 12. Be3 b6 13.
Nbd2 Re8 14. d4 exd4 15. cxd4 Bb7 (15... cxb4 16. Qc2 Bb7 17. d5 Na7 18. axb4
Nb5 19. Qd3 $14) 16. bxc5 dxc5 17. dxc5 b5 18. Qc2 Nd7 19. Rab1 $36) 12. Be3
cxb4 $6 (12... Qe7 13. Nbd2) 13. axb4 Re8 (13... a5 14. Nbd2 Bb7 15. bxa5 Rxa5
16. Qb3 $14) 14. Nbd2 h6 15. d4 $1 {Now it's getting clear that since his
third move when white decided to adjourn his d pawn march to the forth rank
white considerably improved his position while black we can say weakened it.
Actualy this is the idea of all close sicilians play that having in mind the
capture of the centre one is trying to prepare for it as better is possible.}
exd4 (15... Qc7 16. d5 Nb8 17. Qc2 Nbd7 18. c4 bxc4 19. Nxc4 Rb8 20. Reb1 Nb6
21. Nfd2 Nxc4 22. Qxc4 $16) 16. Nxd4 Bd7 (16... Nxd4 17. e5 dxe5 18. Bxa8 Bf5
19. Rxa6 $16) 17. f4 Qc7 {Now I felt quite comfortable because the position
transposed to the g3 line in the Pirc which is familiar to me. Still they are
subttless in the position, for example the weak pawn on c3 so the traditional
g4 doesn't look so good.} 18. Qf3 Ne7 (18... Nxd4 19. cxd4 (19. Bxd4 Bc6 20.
Qd3 $14) 19... Bc6 20. d5 (20. Rac1 Qd7 21. Rxc6 Qxc6 22. e5 Qxf3 23. Bxf3 dxe5
24. dxe5 Nd7 25. Bxa8 Rxa8 $14) (20. Bf2 d5 21. e5 Ne4 22. Nxe4 dxe4 23. Qc3
Qb7 24. Qc2 f5) 20... Bb7 21. Bd4 Rac8 22. Qf2 $16) 19. Rac1 Rac8 (19... a5 20.
c4 $1 bxc4 21. Nxc4 axb4 22. e5 dxe5 23. fxe5 Nfd5 24. Nd6 $18) 20. N2b3 Bc6 $6
{After a long thought Svidler almost gives up. May be disliked the d5 move.
Still I consider it as the best chance for black.} (20... d5 $5 21. e5 Ne4 22.
Kh2 $5 (22. Nd2 Nf5 23. Nxe4 dxe4 24. Qxe4 Nxg3 25. Qb7 Qxb7 26. Bxb7 Rb8) (22.
Ne2 f6 23. exf6 Bxf6 24. Bd4 Nf5 25. Bxf6 Nxf6) 22... h5 (22... Nf5 23. Nxf5
Bxf5 24. g4 Be6 25. Nc5 $16) 23. Nd2 h4 24. g4 f6 25. exf6 Ng5 (25... Nxf6 26.
Kg1 $16) 26. Qf2 Bxf6 27. Kh1 Ne6 28. N2b3 $16) 21. Nxc6 Nxc6 22. Bf2 a5 23.
Qd3 $1 {The key move. Now the pawn on b4 is posioned while his opponent on b5
becomes an difficult task to protect.} a4 (23... axb4 24. cxb4 Nxb4 25. Qd2 Nc2
26. Nd4 $18) 24. Nd2 Rb8 25. Nb1 {For the next 15 moves the position is
completely lost for black and is only up to white to decide the method of
execution.} Re6 26. Na3 Qd7 27. Rb1 Ne7 28. Red1 Ne8 29. h4 f5 30. e5 d5 31.
Bc5 $18 Nc7 32. Bxe7 (32. c4 bxc4 33. Nxc4 Bf8 34. Ne3 $18) 32... Qxe7 33. Bxd5
Nxd5 34. Qxd5 Qe8 35. Rbc1 (35. Nc2 Qc6 (35... Kh8 36. Nd4 Reb6 37. h5 $18) 36.
Qa2 Qxc3 37. Qxe6+ Kh8 38. Ne1 Qxg3+ 39. Ng2 $18) 35... Bf8 36. Nc2 Qc6 37. Qd3
h5 38. Nd4 Qb6 39. Qf3 {been in time trouble I miss the easiest way to finish
the game.} (39. Kg2 Ree8 40. c4 Qb7+ 41. Kh2 bxc4 42. Qxc4+ Kh7 43. Nc6 $18)
39... Rd8 40. Qe3 {'time'} Rc6 41. Kf2 Rcc8 42. Nxf5 Qxe3+ 43. Nxe3 Rxd1 44.
Rxd1 Rxc3 {Even so the position was still winning. I needed only to rest a bit
and to think over the position for a while. But I thought that there is
nothing better then natural Rd7 and together with mating threats and pushing
the e pawn white should win. First I underestimated the defensive
possibilities for black and second I missed not very complicated win.} 45. Rd7
$4 (45. Rd8 $1 Kf7 (45... Kg7 46. Rd7+ Kh8 47. Nd5 Rd3 48. e6 a3 49. Rf7 $18)
46. f5 $1 gxf5 (46... Bxb4 47. e6+ Kg7 (47... Ke7 48. fxg6 {%02!!$18}) 48. Nd5
Bc5+ 49. Ke2 Rc2+ 50. Kd3 Rf2 51. Rd7+ Kh6 52. f6 $18) 47. e6+ Ke7 48. Rb8 $1
Kxe6 49. Rxf8 Rb3 50. Nxf5 Rxb4 51. Ng7+ Kd6 52. Ra8 Rb3 53. Nxh5 a3 54. Nf4 b4
55. h5 Rb2+ 56. Ke3 $18) 45... Bxb4 46. Nd5 Bc5+ 47. Ke2 (47. Kg2 Rc2+ 48. Kh3
Re2) 47... Rc4 $1 {The only move, but enough for draw.} (47... Rxg3 48. e6 Kf8
49. Rf7+ Ke8 50. Rc7 $18) 48. Kf3 (48. Nf6+ Kf8 49. Kd3 a3 50. e6 Be7 51. Nd5
a2 52. Rxe7 Rd4+ 53. Kxd4 a1=Q+ 54. Kc5 {=}) 48... a3 49. e6 Kf8 {Here I spend
about 50 from the left 52 minutes and didn't find aything which was proved
home with the machine. The best I could achieve was a rook ending 3 to 2 on
the same side which is easy draw.} 50. Rf7+ {Unfortunately didn't work} (50.
Rh7 {in order to prepare Nf6, because of} Bd4) 50... Ke8 51. Rb7 Kf8 52. Rf7+ {
'time'} (52. Rxb5 Rc2 (52... a2 53. Ra5) 53. Ra5 a2 54. Ra8+ Kg7 55. e7 Rf2+
56. Ke4 Bxe7 57. Ra7 Kf8 58. Nxe7 Re2+ 59. Kf3 Rxe7 60. Rxa2 Kf7 {=}) 1/2-1/2

[Event "San Salvador-ch"]
[Site "San Salvador"]
[Date "1998.??.??"]
[Round "4.1"]
[White "Camacho, Roberto"]
[Black "Pineda, Boris"]
[Result "1-0"]
[WhiteElo "2345"]
[BlackElo "2305"]
[Annotator "Bulletin"]
[PlyCount "89"]
[EventDate "1998.??.??"]
[EventType "k.o."]
[EventRounds "4"]
[EventCountry "ESA"]
[SourceTitle "EXT 2000"]
[Source "ChessBase"]
[SourceDate "1999.11.16"]
[SourceVersion "1"]
[SourceVersionDate "1999.11.16"]
[SourceQuality "1"]

1. e4 c5 2. Nf3 e6 3. c3 {El sistema alapin: La ventaja de esta variante es
que se estudia poca teoría en la apertura ya que se basa en la colocacion de
las piezas y maniobrar mejorando la ubicación de las misma .} Nf6 4. d3 {
primera sorpresa para Boris, es posible que nunca le hayan hecho esta jugada.}
Be7 {Correcto era 4...d5} 5. Be2 O-O 6. O-O d6 7. Re1 {Dejando libre la
casilla de (f1) para el alfil y llevando la torre a la columna central lo cual
permite la defensa del peón de (e4).} b6 8. Bf1 Bb7 9. Nbd2 Nc6 $2 {Error ya
que obstruye la diagonal a8-h1 del alfil y permite 10.d4 ,lo correcto era 9...
Cbd7 retardando esta ruptura central.} 10. d4 {Reacción lógica, aprovechando
el error se apodera inmediatamente del centro lo cual representa una ventaja
en cualquier posición.} cxd4 11. cxd4 Rc8 {Con la amenaza 12...Cb4 por lo que
la jugada blanca ni se piensa.} 12. a3 Nb8 {Rectificando su error en la
apertura pero demasiado tarde,una de las ideas de esta jugada es cambiar el
alfil con 13...Aa6} 13. Bd3 {Correcto, evita el cambio con 14.Ab1 y defiende
el peón de (e4)} Nbd7 14. b4 {Buscando espacio en el flanco dama y poder
desarrollar el alfil de (b2)} Re8 15. Bb2 Nf8 {Una de las dificultades cuando
se carece de espacio es que carecemos de libertad para maniobrar con las
piezas.} 16. b5 $1 {Garantizando la ventaja de espacio en este sector del
tablero. [#]} Ng6 17. g3 {Las negras amenazaban 17...Cf4 ,por eso 17.g3 ahora
bien, si el peón de (e4) no existiera, esta jugada no se podía hacer ya que
debilitaba la diagonal a8-h1 y por ende el enroque de las blancas.} Bf8 18. a4
{Siempre se debe atacar por donde se tiene ventaja, en este caso el flanco dama
} e5 {Buscando algún contra juego en el centro.} 19. d5 {Por supuesto cierra
la diagonal del alfil negro y asegura ventaja de espacio central,como podemos
ver las blancas tienen ventaja de espacio en el centro y en el flanco dama las
negras no tienen nada,la ventaja es clara para el blanco} Rc7 {Mejor era
aprovechar la casilla débil de (c5) con la maniobra Cd7 y Cc5 y tratar de
buscar alguna ruptura en (f5)} 20. Nc4 {Preparándose para el asalto final.} Qc8
{Atacando el caballo y trasladar la dama al flanco rey para buscar algún
ataque alli.} 21. Qe2 {Correcto defiende el caballo y no aleja la dama de la
defensa del flanco rey.} Qg4 22. Ne3 Qh5 23. Nd2 $1 {Cambiando la pieza mas
activa de las negras.} Qg5 24. Kh1 {No se puede permitir 24...Cf4} Bc8 25. a5 {
Si no hay amenaza inmediata hay que seguir con el plan.} Bh3 26. axb6 axb6 27.
Ra6 {Siempre atacando el punto mas debil.} Nh5 28. Rg1 {Se amenazaba 28...Chf4}
Rb8 29. Nec4 {¿Por qué este caballo y no el otro? porque el de (d2) defiende
la casilla (f3) aunque está defendida por la dama nunca es bueno poner a
defender una pieza tan poderosa como la dama si otra lo puede hacer.} Rc5 30.
Nxb6 {Sólo hay que cuidarse de las amenazas tácticas, el resultado viene sólo}
Ne7 31. Na4 {El segundo peón} Rc7 32. Rxd6 Nf5 33. Rc6 Rxc6 34. dxc6 Bg4 35.
Nf3 {Buena jugada quitandole todos los chances.} Nhxg3+ {[#]} 36. fxg3 Qh5 37.
Kg2 Ra8 (37... Qh3+ 38. Kf2 Ra8 39. exf5 Rxa4 40. Rc1 $18) 38. exf5 Rxa4 39. h4
{Quitandole el último chance de complicación} Ra2 40. Be4 Bxf5 41. Bxf5 Qxf5
42. Ra1 Rxa1 43. Bxa1 e4 44. Ng5 e3 45. Bd4 {Buena partida de Camacho que supo
aprovechar bien el error en la jugada 9... Cc6 que le permitio dominar el
centro.} 1-0

[Event "Bad Ragaz op"]
[Site "Bad Ragaz"]
[Date "1993.??.??"]
[Round "6"]
[White "Ambroz, Jan"]
[Black "Robovic, Saudin"]
[Result "1-0"]
[WhiteElo "2420"]
[BlackElo "2360"]
[Annotator "Bulletin"]
[PlyCount "59"]
[EventDate "1993.??.??"]
[EventType "swiss"]
[EventRounds "9"]
[EventCountry "SUI"]
[SourceTitle "CBM 038"]
[Source "ChessBase"]
[SourceDate "1994.02.01"]
[SourceVersion "1"]
[SourceVersionDate "1994.02.01"]
[SourceQuality "1"]

1. e4 c5 2. Nf3 e6 3. b3 b6 4. Bb2 Bb7 5. d3 d6 6. g3 Nf6 7. Bg2 Be7 8. O-O O-O
9. Nbd2 Nbd7 10. Qe2 Qc7 11. c3 Rfc8 12. Rac1 b5 13. c4 Qb6 14. h3 a5 15. d4
bxc4 (15... cxd4 16. Bxd4 Nc5 17. cxb5 e5 18. Be3 Nfxe4 (18... Bxe4 19. Bxc5
$18) 19. Nxe4 Bxe4 20. Bxc5 $18) 16. Nxc4 Qa6 17. e5 Ne8 (17... d5 18. exf6
Nxf6 19. Nfe5 dxc4 20. Bxb7 Qxb7 21. Nxc4 $14) 18. exd6 Nxd6 19. Nfe5 Bxg2 20.
Kxg2 Nxc4 21. Nxc4 a4 22. d5 Qb7 23. Rfd1 axb3 24. axb3 Nf6 (24... exd5 25.
Qxe7 dxc4+ 26. Kg1 Qxb3 27. Bxg7 (27. Rxd7 Qxb2 28. Qxf7+ Kh8 29. Qxc4 Rf8 $132
) 27... Kxg7 28. Qg5+ Kh8 29. Rxd7 Qf3 30. Qe5+ Kg8 31. Rxc4 Re8 32. Qc3 Qxc3
33. Rxc3 Rac8 34. Rd5 $16) 25. Bxf6 gxf6 (25... Bxf6 26. Nd6 Qxb3 27. Nxc8 Rxc8
28. d6 Qb7+ 29. Qf3 Qd7 30. Rb1 Bd4 31. Qb7 $16) 26. Qf3 Rab8 27. Na5 Qc7 28.
Nc6 Rb6 29. b4 exd5 30. Nxe7+ 1-0

[Event "Reggio Emilia 53rd"]
[Site "Reggio Emilia"]
[Date "2011.01.03"]
[Round "6"]
[White "Short, Nigel D"]
[Black "Movsesian, Sergei"]
[Result "0-1"]
[WhiteElo "2690"]
[BlackElo "2723"]
[Annotator "CB"]
[PlyCount "40"]
[EventDate "2010.12.28"]
[EventType "tourn"]
[EventRounds "9"]
[EventCountry "ITA"]
[EventCategory "18"]
[SourceTitle "CBM 140"]
[Source "ChessBase"]
[SourceDate "2011.01.18"]
[SourceVersion "1"]
[SourceVersionDate "2011.01.18"]
[SourceQuality "1"]

1. e4 c5 2. Nf3 e6 3. g3 b6 4. Bg2 Bb7 5. Qe2 d6 6. d4 Nf6 7. e5 Nfd7 8. Bg5
Qc8 9. d5 Bxd5 10. Nc3 Bc6 11. exd6 h6 12. O-O-O {#A brave and inspired idea.
Nigel correctly judged that taking the piece was in his favor.} Qa6 {Movsesian
wisely avoids trouble, choosing a simpler positional continuation.} (12... hxg5
$6 13. Nxg5 Bxg2 {#} (13... Qd8 14. Nxe6 fxe6 15. Qxe6+ Be7 16. Rhe1) 14. Nb5
$3 {The key. White threatens not only a sac on e6 with extreme prejudice, but
also Nc7+ Kd8 Nxf7 mate!} Qc6 15. Nc7+ Kd8 16. Nxf7+ Kc8 17. Rhe1 {and White
will recover material (both black rooks are attacked) with some inititive
though nothing immediately decisive. For example} Bf3 {is not possible because
of} 18. Qxe6 Bxd6 (18... Bxd1 19. Qe8+ Kb7 20. Nd8+) 19. Rxd6 Qxc7 20. Nxh8)
13. Qe3 {Short misjudges now, and had to accept that there would be no
brilliancies on Black's king. After this he is not only worse, but soon
commits hara-kiri.} hxg5 14. Nxg5 Bxg2 15. Nxe6 fxe6 16. Qxe6+ Kd8 17. Rhe1 Kc8
18. Nd5 Kb7 19. Nc7 Rh6 20. Qg8 Qa4 0-1

[Event "Lopota FIDE GP (Women)"]
[Site "Lopota"]
[Date "2014.06.29"]
[Round "9"]
[White "Muzychuk, Anna"]
[Black "Hou, Yifan"]
[Result "0-1"]
[WhiteElo "2561"]
[BlackElo "2629"]
[Annotator "CB"]
[PlyCount "56"]
[EventDate "2014.06.19"]
[EventType "tourn"]
[EventRounds "11"]
[EventCountry "GEO"]
[EventCategory "11"]
[SourceTitle "CBM 161 Extra"]
[Source "ChessBase"]
[SourceDate "2014.08.29"]
[SourceVersion "1"]
[SourceVersionDate "2014.08.29"]
[SourceQuality "1"]

{A complete blowout. Muzychuk's dubious opening gave her opponent relatively
easy equality. In an interesting position Muzychuk played 15.Qg5? completely
underestimating the advance 17...a4! which left her pawn structure shattered
and basically in a lost position. Black was winning by move 20.} 1. e4 c5 2.
Nf3 e6 3. c4 Nc6 4. Be2 Nge7 5. d4 Nxd4 6. Nxd4 cxd4 7. Qxd4 Nc6 8. Qd2 Bc5 9.
O-O O-O 10. Nc3 d6 11. a3 a5 12. b3 e5 13. Nb5 Qh4 14. Bf3 Be6 15. Qg5 $2 Qxg5
16. Bxg5 h6 17. Bd2 a4 $1 18. Bd1 (18. b4 Bxc4 19. bxc5 Bxb5 20. Rfb1 Bd3 $17)
18... Nd4 19. Nc7 axb3 20. Nxa8 Rxa8 21. Bc3 Bxc4 22. a4 b5 23. axb5 Rxa1 24.
Bxa1 Nxb5 (24... Bxf1 25. Kxf1 $13) 25. Re1 Bd4 26. Bxd4 exd4 27. e5 dxe5 28.
Rxe5 b2 0-1

[Event "EU-chT (Men) 15th"]
[Site "Gothenburg"]
[Date "2005.07.31"]
[Round "2.2"]
[White "Sutovsky, Emil"]
[Black "Berkes, Ferenc"]
[Result "1/2-1/2"]
[WhiteElo "2674"]
[BlackElo "2619"]
[Annotator "CB"]
[PlyCount "110"]
[EventDate "2005.07.30"]
[EventType "team-swiss"]
[EventRounds "9"]
[EventCountry "SWE"]
[SourceTitle "CBM 109"]
[Source "ChessBase"]
[SourceDate "2005.11.14"]
[SourceVersion "1"]
[SourceVersionDate "2005.11.14"]
[SourceQuality "1"]
[WhiteTeam "Israel"]
[BlackTeam "Hungary"]
[WhiteTeamCountry "ISR"]
[BlackTeamCountry "HUN"]

1. e4 c5 2. Nf3 e6 3. Nc3 Qc7 $6 {This attempt to "move-order" the opponent
gets into a heavy storm. One top player considered White's position winning
after 5 moves.} 4. d4 cxd4 5. Nb5 $1 {This is only played once before on high
level.} Qd8 (5... Qa5+ 6. Bd2 Qb6 7. a4 {gave White the initiative in Sandipan
- Sareen, Calcutta 1999.}) 6. Bf4 Bb4+ (6... Na6 7. Qxd4 $16) 7. c3 dxc3 8.
bxc3 Ba5 {White has a very strong initiative, and you would suspect a strong
attacking player as Sutovsky would put his opponent away in 25 moves, but
Berkes defends tenasiously.} 9. Ng5 $5 {Clearing f3 for the queen.} (9. Qd4 Nf6
10. Bxb8 Rxb8 11. Qxa7 Bc7 12. Qc5 Bb6 {is not completely clear.}) (9. Nd6+ Kf8
10. Qd2 {looks strong as well, but again it is not clear how White will crash
through.}) 9... Nh6 10. Nd6+ Kf8 11. Qf3 f6 12. e5 Bxc3+ $1 {This exchange
brings a little relief to Black, though the position is still uncomfortable.}
13. Qxc3 fxg5 14. Bd2 Nc6 15. h4 Nf7 16. Nxf7 Kxf7 {Black has managed to
exchange the white knights, and he now has a realistic hope of surviving.} 17.
hxg5 b6 18. Bd3 g6 19. Be4 {Somewhere around here White should maybe have
thought about activating the a1-rook. It is hard to imagine success without it.
} Bb7 20. Qf3+ Kg8 21. Qh3 Qb8 22. O-O Ne7 (22... Qxe5 $6 {would open up the
c3-h8 diagonal for White and bring new life to his attack. Black already has a
pawn and should probably refrain from winning another. Computers does not seem
to grasp that White does not necessarily want to win the h8 rook in positions
like this.} 23. Rfe1 $1 $16) 23. Bb4 Bxe4 24. Bxe7 h5 25. gxh6 (25. Bf6 Rh7 {
and it is ha rd to see how White shall be able to attack the Black king. The
h7-rook will slowly get into play via f7 and f8.}) 25... Qxe5 26. Qh4 Bc6 27.
Bf6 Rxh6 {This spells the end to the White attack.} (27... Qd5 28. f3 Rh7 {
was also possi ble, though less natural. Berkes clearly favoured a slightly
better endgame after having been in so deep.}) 28. Qxh6 Qxf6 29. Rad1 Kf7 30.
Qh7+ {White hereby gives up any hopes and decides to draw the game.} Qg7 31.
Qxg7+ Kxg7 32. f3 Rf8 33. Rd2 Rf4 34. Rc1 Ra4 35. Rc3 Kf6 36. Kf2 g5 37. Ke3
Ke5 38. g3 Bb5 39. Rb2 a6 40. Rcb3 d5 41. Rb4 Ra3+ 42. R4b3 d4+ 43. Kf2 Ra5 44.
Rb4 Kd5 45. a4 Bxa4 46. Rxb6 Bb5 47. Rb8 Ra3 48. Rd8+ Ke5 49. Rc2 d3 50. Rc5+
Kf6 51. f4 g4 52. Rc7 Kf5 53. Rc5+ Kf6 54. Rc7 Kf5 55. Rc5+ Kf6 1/2-1/2

[Event "AUT-ch"]
[Site "Voitsberg"]
[Date "1995.??.??"]
[Round "7"]
[White "Lendwai, Reinhard"]
[Black "Sinowjew, Juri"]
[Result "1/2-1/2"]
[WhiteElo "2385"]
[BlackElo "2320"]
[Annotator "ChessBase"]
[PlyCount "48"]
[EventDate "1995.??.??"]
[EventType "tourn"]
[EventRounds "15"]
[EventCountry "AUT"]
[EventCategory "5"]
[SourceTitle "CBM 049 Extra"]
[Source "ChessBase"]
[SourceDate "1996.01.01"]
[SourceVersion "1"]
[SourceVersionDate "1996.01.01"]
[SourceQuality "1"]

1. e4 c5 2. Nf3 e6 3. d3 d5 4. Nbd2 Nc6 5. g3 Bd6 6. Bg2 d4 $1 $146 7. O-O e5
8. Nh4 Nge7 9. f4 exf4 10. gxf4 Ng6 $5 (10... O-O {/\ 11...Sg6.}) 11. Nf5 $1 $8
(11. Nxg6 $2 hxg6 $19) 11... Bxf5 12. exf5 Nxf4 13. Bxc6+ $1 bxc6 14. Qg4 h5 $1
15. Qxg7 {[#]} Qh4 $1 16. Qxh8+ $8 (16. Nf3 $2 Qg4+ 17. Qxg4 hxg4 18. Re1+ Kf8
19. Ne5 Nh3+ 20. Kg2 Re8 21. Nd7+ Kg7 $19) (16. Rxf4 $2 Bxf4 17. Qxh8+ (17. Nf3
Qg4+ 18. Qxg4 hxg4 $19) 17... Ke7 $1 18. Qxa8 (18. Qg7 Qxh2+ 19. Kf1 Bg3 20.
Qg5+ (20. Ne4 Qh1+ 21. Ke2 Qg2+ 22. Kd1 Qf1+ 23. Kd2 Bf4#) 20... Kd7 21. Ne4
Qh1+ 22. Ke2 Qg2+ 23. Kd1 Qf1+ 24. Kd2 Qe1#) 18... Be3+ 19. Kg2 Qg4+ 20. Kf1
Qd1+ 21. Kg2 Qg1+ 22. Kf3 Qg4#) 16... Kd7 17. Qg7 (17. Qxa8 $2 Qg4+ 18. Kf2
Qg2+ 19. Ke1 Qe2#) 17... Ne2+ 18. Kg2 Qxh2+ 19. Kf3 Nf4 $8 20. Qxf7+ Kc8 21.
Qe8+ (21. Qg8+ Kb7 22. Qg7+ Ka6 23. Re1 Qh3+ 24. Qg3 (24. Kf2 Qh4+ 25. Qg3 $4 (
25. Kf1 Qh1+ 26. Kf2 (26. Qg1 Qh3+ 27. Kf2 Qxf5 $19) 26... Nh3+ 27. Ke2 Re8+
28. Ne4 Rxe4+ 29. dxe4 Qxe4+ 30. Kd1 Nf2+ 31. Kd2 Bf4+ 32. Re3 Qxe3#) 25...
Nxd3+ $19) 24... Qxg3+ 25. Kxg3 Nxd3+ 26. Kh4 Nxe1 27. Ne4 Bf8 28. Bg5 (28. Bd2
$17)) 21... Kb7 22. Qf7+ Bc7 23. Qb3+ Kc8 24. Qg8+ Kb7 $17 1/2-1/2